El manchado

Guardat en:
Dades bibliogràfiques
Autor principal: Dobles, Alvaro
Format: Llibre
Idioma:Undetermined
Publicat: San José, Costa Rica Editorial Costa Rica 1977
Matèries:
Etiquetes: Afegir etiqueta
Sense etiquetes, Sigues el primer a etiquetar aquest registre!

MARC

LEADER 00000nam a2200000Ia 4500
008 170316s9999 xx 000 0 und d
040 |a cru BVZT 
090 |a 868 D-8m 
100 |a Dobles, Alvaro 
245 |a El manchado 
260 |a San José, Costa Rica 
260 |b Editorial Costa Rica 
260 |c 1977 
300 |a 308 páginas 
650 |a LITERATURA COSTARRICENSE 
999 |c 10971  |d 10971 
942 |c 15 D  |h 868 D-8m  |2 z